Vista normal
Vista MARC
- Rodríguez Vázquez, Eloísa
Entrada Nombre Personal
Número de registros utilizados en: 1
001 - NUMERO DE CONTROL
- campo de control: 59388
003 - IDENTIFICADOR DE NUMERO DE CONTROL
- campo de control: MX-MxUPN
005 - FECHA Y HORA DE LA ÜLTIMA TRANSACCIÓN
- campo de control: 20260427123729.0
008 - DATOS DE LONGITUD FIJA
- campo de control de longitud fija: 260427|n ac|nnaabn | aaa d
040 ## - FUENTE DE CATALOGACIÓN
- Agencia original de catalogación: MX-MxUPN
- Lenguaje de catalogación: spa
100 1# - ENCABEZAMIENTO - NOMBRE PERSONAL
- Nombre personal: Rodríguez Vázquez, Eloísa
670 ## - FUENTE EN LA QUE SE LOCALIZARON DATOS
- Cita de la fuente: Retos de la educación ante la construcción de una cultura de paz: miradas interdisciplinares, 2024:
- Información localizada: portada (Eloísa Rodríguez Vázquez)
- Uniform Resource Identifier: http://riaa.uaem.mx/handle/20.500.12055/4838
902 ## - CATALOGADOR
- Catalogador: JohanaAllegre/270426